000 00693nam a2200217Ia 4500
001 8794
003 GE_BSU
008 181216s||||||||xx |||||||||||||| ||und||
040 _cGE_BSU
080 _a821.353.1–1
100 _aვარშანიძე, მამია
245 _aლექსები.
245 _bმამია ვარშანიძე
245 _cრედ.ლ.ნანიტაშვილი;მხატვ.ვლ.მდინარაძე
260 _aთბილისი
260 _bსაბჭოთა საქართველო
260 _c1966
300 _a77გვ.16სმ.
653 _aლექსები.
942 _cBK
999 _c42103
_d42103